MDQL
is popping MORE tags! Check the
thread
!
Quizzes
Events
Quiz Creation
Community
Videos
Private Events
Remove Ads
Sign In
Join for FREE
Feedback
Dark Mode
Quiz Categories
Sports
Geography
Music
Movies
Television
Just For Fun
Miscellaneous
History
Literature
Language
Science
Gaming
Entertainment
Religion
Holiday
For Kids
Quiz Lab
Recent
Popular Today
Quiz Kudos Today
Editor Picks
Curator Picks
Quizzes by...
Day
Popularity
Type
Ratings
Length
Year
Community
Subscriptions
Recent Discussions
Orange Saloon
Badges
Playlists
Quests
Create
Leaderboards
Showdown
Live 5
Trivia Bingo
Activity
Puzzle Library
Sporcle Events
Private Events
Virtual Trivia
Globe League
Become a Host
Pub Owners
SporcleCon
Opinionation
Our Games
Videos
Blog
Mobile Apps
Partnerships
Remove Ads and Go Orange
Feedback
Miscellaneous
Crossword
General Knowledge
Baby Names
Logo
Food
Cars
Numbers
Grab Bag
University
College
Popular
Company
Slogans
Restaurants
Justice
Letter
Miscellaneous
Crossword
General Knowledge
Baby Names
Logo
Food
Cars
Numbers
Grab Bag
University
College
Popular
Company
Slogans
Restaurants
Justice
Letter
Random Quiz
Search Sporcle
×
Quiz Lab
Quiz Lab
Miscellaneous
stage
Type in answers that appear in a list
Type in answers that appear in a list
Classic
Best Score? Go Orange.
Arithmetic STAGE 20 Practice Stats
Arithmetic STAGE 20 Practice
By
BTEC_GROUP
20m
72 Questions
3 Plays
3 Plays
3 Plays
Comments
Comments
Give Quiz Kudos
Give Quiz Kudos
-
- Ratings
hide this ad
Forced Order
Answers have to be entered in order
Answers have to be entered in order
Random Order
Randomize order of answers
Randomize order of answers
Replay
Link that replays current quiz
Next Quiz
Link to next quiz in quiz playlist
You Got
0%
They Got
Avg Score
30%
Avg Friend Score
Upgrade to see
Score Distribution
Jump to the score distribution portion of the page
Score
0/72
Timer
20:00
0
Plays Today
Question
Answer
% Correct
34 ÷ 8 = ?
4.25
66.7%
–6 – 9 = ?
-15
66.7%
6 + –5 = ?
1
33.3%
–4 + 8 = ?
4
33.3%
–2 + –5 = ?
-7
33.3%
–7 + –9 = ?
-16
33.3%
0 + –6 = ?
-6
33.3%
–8 + 8 = ?
0
33.3%
–7 – 7 = ?
-14
33.3%
8 – –6 = ?
14
33.3%
–3 – –1 = ?
-2
33.3%
–8 – 6 = ?
-14
33.3%
–4 – –9 = ?
5
33.3%
0 – –8 = ?
8
33.3%
607.257 × 5 = ?
3 036.285
33.3%
0.3 × 720 = ?
216
33.3%
5 × 52.4 = ?
262
33.3%
483.15 × 300 = ?
144 945
33.3%
3.084 × 45 = ?
138.78
33.3%
915 ÷ 4 = ?
228.75
33.3%
232.6 ÷ 5 = ?
46.52
33.3%
219.71 ÷ 2 = ?
109.855
33.3%
500.63 ÷ 4 = ?
125.1575
33.3%
–5 + 5 = ?
0
33.3%
–6 + –4 = ?
-10
33.3%
2 + –3 = ?
-1
33.3%
5 + –5 = ?
0
33.3%
–4 + 0 = ?
-4
33.3%
–1 + –1 = ?
-2
33.3%
–5 – 7 = ?
-12
33.3%
–2 – –2 = ?
0
33.3%
–9 – –4 = ?
-5
33.3%
–1 – 7 = ?
-8
33.3%
2 – –6 = ?
8
33.3%
5 – –3 = ?
8
33.3%
2 × 3.223 = ?
6.446
33.3%
Question
Answer
% Correct
55.75 × 3 = ?
167.25
33.3%
141.2 ÷ 5 = ?
28.24
33.3%
0.37 ÷ 8 = ?
0.04625
33.3%
6.125 ÷ 4 = ?
1.53125
33.3%
84.9 ÷ 6 = ?
14.15
33.3%
815 ÷ 8 = ?
101.875
33.3%
381.75 ÷ 4 = ?
95.4375
33.3%
–4 + –6 = ?
-10
33.3%
–3 + 0 = ?
-3
33.3%
5 + –9 = ?
-4
33.3%
–4 + –3 = ?
-7
33.3%
–2 + 8 = ?
6
33.3%
8 + –3 = ?
5
33.3%
2 – –8 = ?
10
33.3%
–1 – 0 = ?
-1
33.3%
–5 – –3 = ?
-2
33.3%
0 – –4 = ?
4
33.3%
–7 – –5 = ?
-2
33.3%
8 × 1.25 = ?
10
33.3%
127.33 × 9 = ?
1 145.97
33.3%
16 × 92.7 = ?
1 483.2
33.3%
600.1 × 531 = ?
318 653.1
33.3%
66.6 ÷ 8 = ?
8.325
33.3%
412.5 ÷ 6 = ?
68.75
33.3%
50.2 ÷ 4 = ?
12.55
33.3%
1.246 ÷ 5 = ?
0.2492
33.3%
717.1 ÷ 2 = ?
358.55
33.3%
502 ÷ 8 = ?
62.75
33.3%
83 × 55.63 = ?
4 617.29
0%
140.489 ÷ 5 = ?
28.0978
0%
275.8 × 771 = ?
212 641.8
0%
73.536 × 463 = ?
34 047.168
0%
8.63 × 63 = ?
543.69
0%
99 × 815.9 = ?
80 774.1
0%
27.405 × 67 = ?
1 836.135
0%
796 × 0.19 = ?
151.24
0%
Quiz Playlist
Details
Report
Send in Message
Add To Playlist
Classic:
Type in answers that appear in a list
Forced Order:
Answers have to be entered in order
Random Order:
Randomize order of answers
Last Updated: Aug 3, 2017
Quiz Scoreboard
CHALLENGE
Sign Up to Join the Scoreboard
Show All
Scores
Hide
Comments
May contain spoilers
Recently Published
5x2 Blitz: Bands
by SL_Kpop136
Music
30s
Colored Red Africa Blitz
by spor1
Geography
30s
Find the 'City' Movie
by crazypaving
Movies
60s
More to Explore
Quiz From the Vault
Featured Blog Post
14 Easter Pick-up Lines to Find Eggs With
hide this ad
You Might Also Like...
Tags
Again
Allowed
arithmetic
ask
calculator
help
lesson
Paper
pen
practice
read
stage
stuck
Today's Top Quizzes in Miscellaneous
Browse Miscellaneous
hide this ad
Today's Top Quizzes in stage
Browse stage
Top Contributed Quizzes in Miscellaneous
1
5-to-1: Fast Food
2
9x9 Crossword: Disney Movie Titles
3
9x9 Crossword: Charlie and the Chocolate Factory
4
9x9 Crossword: Halloween
5
The JOE quick-fire general knowledge quiz: Day 174
6
Picture Click Blitz: Airline Logos
7
9x9 Crossword: 2022 Movies
8
9x9 Crossword: Toy Story
9
9x9 Crossword: The Simpsons
10
random perfect cubes 1-30
Explore More
Trending Topics
Marvel
Disney
Harry Potter
Crossword
NBA
Anime
Kpop
WWE
NFL
The Office
Puzzle
Pokémon
Country
Soccer
Song
hide this ad
More By:
BTEC_GROUP
Quiz
Plays
Rating
Category
Featured
Created
Wallace and Gromit Characters
705
4.71
Movies
Jun 19, 2015
Times tables race
701
1.00
Miscellaneous
Nov 12, 2018
EL3 FS Maths: STAGE 4 - Shapes
656
3.50
Miscellaneous
Sep 21, 2017
EL3 FS Maths: STAGE 5 - Comparing Amounts
587
Miscellaneous
Sep 22, 2017
Citizenship quiz (Stage 1)
368
4.00
Miscellaneous
Oct 27, 2016
Go to Creator's Profile
Score Distribution
Quiz Creator Spotlight
BTEC_GROUP
Follow
Send a Message
Quizzes Created
-
Created Quiz Play Count
-
More By This Creator
Popular Quizzes Today
1
Find the 'City' Movie
2
5x2 Blitz: Bands
3
Colored Red Africa Blitz
4
The Countries of the World
5
Find the US States - No Outlines Minefield
6
Find the US States
7
9x9 Crossword: Cartoon Network
8
US States
More Miscellaneous Quizzes
Nautical Flags
Curator's Pick
Trending Quizzes
Colored Red Africa Blitz II
Colored Red Europe Blitz I
Colored Red Africa Blitz III
Colored Red Europe Blitz II
Colored Red Europe Blitz III
Recently Updated
Champions League XIs: Real Madrid
pecheneg
Largest US Cities 1790-2010
pecheneg
Rides in Walt Disney World
pecheneg
Most Oscar Losses (Acting)
pecheneg
Beyoncé Albums
pecheneg
Leaping Animals
pecheneg
Reality TV Shows (A-Z)
bhenderson79
Rickey Henderson's Hall of Fame Teammates
pecheneg
Champions League XIs: Arsenal
pecheneg
Quick Pick: Celebrities in WWE's Hall of Fame
aduchscher
Trending Topics
Harry Potter
Marvel
NBA
Disney
Crossword
Kpop
Anime
Puzzle
Soccer
Country
NFL
WWE
Song
The Office
Pokémon
Your Account Isn't Verified!
In order to create a playlist on Sporcle, you need to verify the email address you used during registration. Go to your
Sporcle Settings
to finish the process.
Report this User
Report this user for behavior that violates our
Community Guidelines
.
Details:
Send Report
Go to the Sporcle.com Mobile Site →
Comments